The Curcumin Analog C-150, Influencing NF-kappaB, UPR and Akt/Notch Pathways Has Potent Anticancer Activity In Vitro and In Vivo

Elmentve itt :
Bibliográfiai részletek
Szerzők: Hackler László
Ózsvári Béla
Gyuris Márió
Sipos Péter
Fábián Gabriella
Molnár Eszter
Marton Annamária
Faragó Nóra
Mihály József
Nagy Lajos István
Szénási Tibor
Diron Andrea
Párducz Árpád
Kanizsai Iván
Puskás László G.
Dokumentumtípus: Cikk
Megjelent: Public Library of Science 2016
Sorozat:PLoS ONE 11 No. 3
doi:10.1371/journal.pone.0149832

mtmt:3032868
Online Access:http://publicatio.bibl.u-szeged.hu/7560
LEADER 01292nab a2200361 i 4500
001 publ7560
005 20221028152800.0
008 160802s2016 hu o 0|| angol d
022 |a 1932-6203 
024 7 |a 10.1371/journal.pone.0149832  |2 doi 
024 7 |a 3032868  |2 mtmt 
040 |a SZTE Publicatio Repozitórium  |b hun 
041 |a angol 
100 1 |a Hackler László 
245 1 4 |a The Curcumin Analog C-150, Influencing NF-kappaB, UPR and Akt/Notch Pathways Has Potent Anticancer Activity In Vitro and In Vivo  |h [elektronikus dokumentum] /  |c  Hackler László 
260 |a Public Library of Science  |c 2016 
300 |a Terjedelem: 16 p.-Azonosító: e0149832 
490 0 |a PLoS ONE  |v 11 No. 3 
700 0 1 |a Ózsvári Béla  |e aut 
700 0 1 |a Gyuris Márió  |e aut 
700 0 1 |a Sipos Péter  |e aut 
700 0 1 |a Fábián Gabriella  |e aut 
700 0 1 |a Molnár Eszter  |e aut 
700 0 1 |a Marton Annamária  |e aut 
700 0 1 |a Faragó Nóra  |e aut 
700 0 1 |a Mihály József  |e aut 
700 0 1 |a Nagy Lajos István  |e aut 
700 0 1 |a Szénási Tibor  |e aut 
700 0 1 |a Diron Andrea  |e aut 
700 0 1 |a Párducz Árpád  |e aut 
700 0 1 |a Kanizsai Iván  |e aut 
700 0 1 |a Puskás László G.  |e aut 
856 4 0 |u http://publicatio.bibl.u-szeged.hu/7560/1/pone.0149832.pdf  |z Dokumentum-elérés